Statistics for elements by symbol

Click here to take the quiz!

General Stats

  • This quiz has been taken 13 times
  • The average score is 39 of 50

Answer Stats

symbolelement% Correct
Alaluminum
100%
Ccarbon
100%
Hehelium
100%
Hhydrogen
100%
Lilithium
100%
Mgmagnesium
100%
Ooxygen
100%
Kpotassium
100%
Agsilver
100%
Nasodium
100%
Arargon
90%
Beberyllium
90%
Bboron
90%
Brbromine
90%
Clchlorine
90%
Augold
90%
Neneon
90%
Nnitrogen
90%
Ssulfur
90%
Asarsenic
80%
Cacalcium
80%
Ffluorine
80%
Gagallium
80%
Gegermanium
80%
Pblead
80%
Hgmercury
80%
Pphosphorus
80%
Scscandium
80%
Seselenium
80%
Sisilicon
80%
Tititanium
80%
Iiodine
70%
Krkrypton
70%
Ptplatinum
70%
Sntin
70%
Yyttrium
70%
Zrzirconium
70%
Bibismuth
60%
Cdcadmium
60%
Inindium
60%
Iriridium
60%
Momolybdenum
60%
Pdpalladium
60%
Rbrubidium
60%
Sbantimony
50%
Nbniobium
50%
Ososmium
50%
Srstrontium
50%
Tetellurium
50%
Tlthallium
50%

Score Distribution

Percentile by Number Answered

Percent of People with Each Score

Your Score History

You have not taken this quiz